| 000 | 00352nam a22001577a 4500 | ||
|---|---|---|---|
| 003 | SGT | ||
| 082 |
_a294.59 _bR82S |
||
| 100 | _aSARASVATI, SATYA PRAKASH | ||
| 245 | _aRGVEDA SAMHITA | ||
| 250 | _a1ST | ||
| 260 |
_aNEW DELHI _bVED PRATISHTHANA _c1982 |
||
| 300 | _a3582 | ||
| 650 | _aAYURVEDA | ||
| 653 | _aRGVEDA, VEDA, SAMHITA | ||
| 942 |
_2ddc _cRARE |
||
| 999 |
_c24165 _d24165 |
||